Short stories from pakistan: (Record no. 160070)

MARC details
000 -LEADER
fixed length control field 00493nam a22001697a 4500
005 - DATE AND TIME OF LATEST TRANSACTION
control field 20190114144600.0
010 ## - LCCN (DPL NO)
LC control number B-091356
020 ## - INTERNATIONAL STANDARD BOOK NUMBER
International Standard Book Number 8126015985
Terms of availability 150.00
035 ## - SYSTEM CONTROL NUMBER
System control number B-091356
037 ## - SOURCE OF ACQUISITION
Source of stock number/acquisition Sahitya Akademi
082 ## - DEWEY DECIMAL CLASSIFICATION NUMBER
Classification number S
100 ## - MAIN ENTRY--PERSONAL NAME
Personal name Hussain, Intizar
245 ## - TITLE STATEMENT
Title Short stories from pakistan:
Remainder of title fifty years of pakistani short stories
Statement of responsibility, etc Intizar Hussain {and} Asif Farrukhi
260 ## - PUBLICATION, DISTRIBUTION, ETC. (IMPRINT)
Place of publication, distribution, etc New Delhi
Name of publisher, distributor, etc Sahitya Akademi
Date of publication, distribution, etc 2003
300 ## - PHYSICAL DESCRIPTION
Extent 334p.
Dimensions 20cm(hbk)
942 ## - ADDED ENTRY ELEMENTS (KOHA)
Source of classification or shelving scheme Dewey Decimal Classification
Item type English Books
Classification part S
Call number suffix SHO
Holdings
Withdrawn status Lost status Not for loan Collection code Home library Current library Date acquired Full call number Barcode Koha item type Public note
      Fiction Sarojini Nagar Sarojini Nagar 14/01/2019 S SHO B-091356 English Books Withdran List Prepared L.No.17/25

© Delhi Public Library
Hit Counter
free hit counter